[Event "2024 US National High School (K-12) Championship"]
[Site "Baltimore, Maryland, United States"]
[Date "2024.04.07"]
[Round "6.26"]
[White "Walton, Christian"]
[Black "Thomas, Joshua"]
[Result "0-1"]
[TimeControl "G/90; d10"]
[WhiteElo "793"]
[BlackElo "704"]

1. d4 {[%clk 01:30:00]} {[%emt 00:00:11]} e6 {[%clk 01:29:47]} {[%emt
00:00:39]} 2. c4 {[%clk 01:30:00]} {[%emt 00:00:06]} d5 {[%clk 01:29:10]}
{[%emt 00:00:26]} 3. Nc3 {[%clk 01:30:00]} {[%emt 00:00:09]} Bb4 {[%clk
01:28:35]} {[%emt 00:00:46]} 4. Bd2 {[%clk 01:29:52]} {[%emt 00:00:18]} Nc6
{[%clk 01:27:23]} {[%emt 00:01:23]} 5. Nf3 {[%clk 01:29:42]} {[%emt 00:00:19]}
h6 {[%clk 01:25:51]} {[%emt 00:01:42]} 6. e3 {[%clk 01:29:26]} {[%emt
00:00:26]} Nf6 {[%clk 01:19:56]} {[%emt 00:06:06]} 7. Be2 {[%clk 01:28:06]}
{[%emt 00:01:29]} O-O {[%clk 01:16:32]} {[%emt 00:03:35]} 8. O-O {[%clk
01:27:23]} {[%emt 00:00:51]} b6 {[%clk 01:12:52]} {[%emt 00:03:53]} 9. a3
{[%clk 01:21:44]} {[%emt 00:05:48]} Bxc3 {[%clk 01:10:26]} {[%emt 00:02:36]} 10.
Bxc3 {[%clk 01:21:21]} {[%emt 00:00:31]} Bb7 {[%clk 01:09:01]} {[%emt
00:01:37]} 11. cxd5 {[%clk 01:16:43]} {[%emt 00:04:47]} exd5 {[%clk 01:06:28]}
{[%emt 00:02:44]} 12. Bb5 {[%clk 01:14:10]} {[%emt 00:02:42]} Ne4 {[%clk
01:01:20]} {[%emt 00:05:19]} 13. Qc2 {[%clk 01:10:27]} {[%emt 00:03:52]} Qf6
{[%clk 00:53:48]} {[%emt 00:07:43]} 14. Qb3 {[%clk 01:01:56]} {[%emt 00:08:40]}
Rad8 {[%clk 00:51:32]} {[%emt 00:02:25]} 15. Rac1 {[%clk 00:57:17]} {[%emt
00:04:50]} a6 {[%clk 00:43:06]} {[%emt 00:08:38]} 16. Bxc6 {[%clk 00:55:44]}
{[%emt 00:01:41]} Bxc6 {[%clk 00:41:39]} {[%emt 00:01:39]} 17. Bb4 {[%clk
00:53:50]} {[%emt 00:02:03]} Rfe8 {[%clk 00:37:52]} {[%emt 00:03:58]} 18. Qc2
{[%clk 00:43:56]} {[%emt 00:10:02]} Bb5 {[%clk 00:32:21]} {[%emt 00:05:41]} 19.
Rfd1 {[%clk 00:40:27]} {[%emt 00:03:38]} a5 {[%clk 00:26:34]} {[%emt 00:05:59]}
20. a4 {[%clk 00:36:09]} {[%emt 00:04:28]} Ba6 {[%clk 00:26:09]} {[%emt
00:00:35]} 21. Ba3 {[%clk 00:35:10]} {[%emt 00:01:08]} g6 {[%clk 00:19:27]}
{[%emt 00:06:53]} 22. Qxc7 {[%clk 00:26:26]} {[%emt 00:08:52]} Be2 {[%clk
00:17:49]} {[%emt 00:01:49]} 23. Rc6 {[%clk 00:21:23]} {[%emt 00:05:14]} Qf5
{[%clk 00:15:40]} {[%emt 00:02:19]} 24. Re1 {[%clk 00:18:21]} {[%emt 00:03:06]}
Bxf3 {[%clk 00:14:11]} {[%emt 00:01:45]} 25. gxf3 {[%clk 00:16:19]} {[%emt
00:02:11]} Qxf3 {[%clk 00:14:06]} {[%emt 00:00:16]} 26. Qf4 {[%clk 00:14:41]}
{[%emt 00:01:48]} Qxf4 {[%clk 00:12:22]} {[%emt 00:01:55]} 27. exf4 {[%clk
00:14:40]} {[%emt 00:00:10]} Nd2 {[%clk 00:11:01]} {[%emt 00:01:32]} 28. Rxe8+
{[%clk 00:12:24]} {[%emt 00:02:25]} Rxe8 {[%clk 00:11:01]} {[%emt 00:00:08]} 29.
Rc1 {[%clk 00:10:53]} {[%emt 00:01:29]} Nc4 {[%clk 00:10:45]} {[%emt 00:00:37]}
30. Rc2 {[%clk 00:09:20]} {[%emt 00:01:42]} Nxa3 {[%clk 00:10:00]} {[%emt
00:00:55]} 31. bxa3 {[%clk 00:09:18]} {[%emt 00:00:12]} Re4 {[%clk 00:09:50]}
{[%emt 00:00:21]} 32. Rc6 {[%clk 00:08:02]} {[%emt 00:01:25]} Rxd4 {[%clk
00:09:41]} {[%emt 00:00:19]} 33. Rxb6 {[%clk 00:07:51]} {[%emt 00:00:21]} Rxf4
{[%clk 00:09:01]} {[%emt 00:00:51]} 34. Rb5 {[%clk 00:06:21]} {[%emt 00:01:40]}
Rxa4 {[%clk 00:08:35]} {[%emt 00:00:36]} 35. Rxd5 {[%clk 00:06:18]} {[%emt
00:00:12]} Rxa3 {[%clk 00:08:35]} {[%emt 00:00:08]} 36. Kf1 {[%clk 00:04:51]}
{[%emt 00:01:36]} Ra2 {[%clk 00:07:50]} {[%emt 00:00:55]} 37. Ke1 {[%clk
00:04:04]} {[%emt 00:00:57]} Kg7 {[%clk 00:07:33]} {[%emt 00:00:27]} 38. f4
{[%clk 00:02:01]} {[%emt 00:02:13]} Kf6 {[%clk 00:07:04]} {[%emt 00:00:40]} 39.
h4 {[%clk 00:01:50]} {[%emt 00:00:21]} a4 {[%clk 00:06:40]} {[%emt 00:00:34]}
40. h5 {[%clk 00:01:14]} {[%emt 00:00:45]} a3 {[%clk 00:05:46]} {[%emt
00:01:06]} 41. hxg6 {[%clk 00:00:49]} {[%emt 00:00:34]} fxg6 {[%clk 00:05:41]}
{[%emt 00:00:15]} 42. Ra5 {[%clk 00:00:49]} {[%emt 00:00:08]} h5 {[%clk
00:05:41]} {[%emt 00:00:09]} 43. Kf1 {[%clk 00:00:49]} {[%emt 00:00:05]} Ra1+
{[%clk 00:04:50]} {[%emt 00:01:01]} 44. Kg2 {[%clk 00:00:49]} {[%emt 00:00:06]}
a2 {[%clk 00:04:33]} {[%emt 00:00:28]} 45. Kh2 {[%clk 00:00:18]} {[%emt
00:00:41]} Rf1 {[%clk 00:03:58]} {[%emt 00:00:45]} 46. Kg2 {[%clk 00:00:14]}
{[%emt 00:00:15]} a1=Q {[%clk 00:03:55]} {[%emt 00:00:12]} 47. Rxa1 {[%clk
00:00:14]} {[%emt 00:00:03]} Rxa1 {[%clk 00:03:55]} {[%emt 00:00:02]} 48. Kf3
{[%clk 00:00:14]} {[%emt 00:00:02]} Kf5 {[%clk 00:03:55]} {[%emt 00:00:03]} 49.
Kg3 {[%clk 00:00:14]} {[%emt 00:00:02]} Ra4 {[%clk 00:03:55]} {[%emt 00:00:01]}
50. Kh3 {[%clk 00:00:14]} {[%emt 00:00:06]} Rxf4 {[%clk 00:03:55]} {[%emt
00:00:02]} 51. Kg3 {[%clk 00:00:14]} {[%emt 00:00:02]} Ra4 {[%clk 00:03:55]}
{[%emt 00:00:04]} 52. Kh3 {[%clk 00:00:14]} {[%emt 00:00:03]} Kg5 {[%clk
00:03:55]} {[%emt 00:00:02]} 53. Kg3 {[%clk 00:00:14]} Ra3+ {[%clk 00:03:55]}
{[%emt 00:00:01]} 54. Kg2 {[%clk 00:00:14]} {[%emt 00:00:01]} Kf4 {[%clk
00:03:55]} {[%emt 00:00:01]} 55. Kh2 {[%clk 00:00:14]} {[%emt 00:00:02]} Kg4
{[%clk 00:03:55]} {[%emt 00:00:02]} 56. Kg2 {[%clk 00:00:14]} {[%emt 00:00:01]}
Ra2+ {[%clk 00:03:55]} {[%emt 00:00:01]} 57. Kf1 {[%clk 00:00:14]} {[%emt
00:00:01]} Kg3 {[%clk 00:03:55]} {[%emt 00:00:04]} 58. Ke1 {[%clk 00:00:14]}
{[%emt 00:00:02]} Kf3 {[%clk 00:03:55]} {[%emt 00:00:02]} 59. Kd1 {[%clk
00:00:14]} {[%emt 00:00:02]} Ke3 {[%clk 00:03:55]} {[%emt 00:00:02]} 60. Kc1
{[%clk 00:00:14]} {[%emt 00:00:02]} Kd3 {[%clk 00:03:55]} {[%emt 00:00:01]} 61.
Kb1 {[%clk 00:00:14]} {[%emt 00:00:01]} Rh2 {[%clk 00:03:55]} {[%emt 00:00:02]}
62. Kc1 {[%clk 00:00:14]} {[%emt 00:00:02]} Rg2 {[%clk 00:03:55]} {[%emt
00:00:01]} 63. Kb1 {[%clk 00:00:14]} {[%emt 00:00:02]} Kc3 {[%clk 00:03:55]}
{[%emt 00:00:02]} 64. Ka1 {[%clk 00:00:14]} {[%emt 00:00:03]} Kb3 {[%clk
00:03:55]} 65. Kb1 {[%clk 00:00:14]} {[%emt 00:00:02]} Rg1# {[%clk 00:03:55]}
0-1

[Event "2024 US National High School (K-12) Championship"]
[Site "Baltimore, Maryland, United States"]
[Date "2024.04.07"]
[Round "6.27"]
[White "Smiley, Jaden Micah"]
[Black "Truong, Lam"]
[Result "0-1"]
[TimeControl "G/90; d10"]
[WhiteElo "1129"]
[BlackElo "1121"]

1. e4 {[%clk 01:30:00]} {[%emt 00:00:06]} e6 {[%clk 01:30:00]} {[%emt
00:00:19]} 2. d4 {[%clk 01:30:00]} {[%emt 00:00:17]} d5 {[%clk 01:30:00]}
{[%emt 00:00:04]} 3. exd5 {[%clk 01:29:53]} {[%emt 00:00:13]} exd5 {[%clk
01:30:00]} {[%emt 00:00:03]} 4. Bf4 {[%clk 01:29:32]} {[%emt 00:00:10]} Nf6
{[%clk 01:29:37]} {[%emt 00:00:34]} 5. Nf3 {[%clk 01:29:01]} {[%emt 00:00:40]}
Bg4 {[%clk 01:28:57]} {[%emt 00:00:51]} 6. Be2 {[%clk 01:26:03]} {[%emt
00:03:08]} Bd6 {[%clk 01:27:24]} {[%emt 00:01:43]} 7. Ne5 {[%clk 01:23:53]}
{[%emt 00:02:20]} Bxe2 {[%clk 01:26:02]} {[%emt 00:01:31]} 8. Qxe2 {[%clk
01:23:53]} {[%emt 00:00:08]} O-O {[%clk 01:25:52]} {[%emt 00:00:21]} 9. O-O
{[%clk 01:23:20]} {[%emt 00:00:42]} Re8 {[%clk 01:24:49]} {[%emt 00:01:13]} 10.
Qb5 {[%clk 01:15:42]} {[%emt 00:07:47]} Nc6 {[%clk 01:14:59]} {[%emt 00:10:00]}
11. c3 {[%clk 01:03:08]} {[%emt 00:12:45]} Nxe5 {[%clk 01:11:46]} {[%emt
00:03:23]} 12. Bxe5 {[%clk 01:02:20]} {[%emt 00:00:58]} Bxe5 {[%clk 01:11:34]}
{[%emt 00:00:22]} 13. dxe5 {[%clk 01:02:09]} {[%emt 00:00:20]} Rxe5 {[%clk
01:11:34]} {[%emt 00:00:08]} 14. Nd2 {[%clk 01:01:52]} {[%emt 00:00:27]} Qc8
{[%clk 01:09:07]} {[%emt 00:02:37]} 15. Nf3 {[%clk 01:00:59]} {[%emt 00:01:03]}
c6 {[%clk 01:03:36]} {[%emt 00:05:41]} 16. Qd3 {[%clk 00:59:39]} {[%emt
00:01:29]} Re8 {[%clk 00:46:51]} {[%emt 00:16:55]} 17. Rfe1 {[%clk 00:55:11]}
{[%emt 00:04:37]} Qg4 {[%clk 00:41:38]} {[%emt 00:05:24]} 18. Qd4 {[%clk
00:44:30]} {[%emt 00:10:51]} Re4 {[%clk 00:37:06]} {[%emt 00:04:40]} 19. Rxe4
{[%clk 00:43:53]} {[%emt 00:00:48]} Qxe4 {[%clk 00:35:14]} {[%emt 00:02:03]} 20.
Re1 {[%clk 00:38:17]} {[%emt 00:05:47]} Qxd4 {[%clk 00:31:51]} {[%emt
00:03:33]} 21. Nxd4 {[%clk 00:36:22]} {[%emt 00:02:04]} Re8 {[%clk 00:30:46]}
{[%emt 00:01:15]} 22. Rxe8+ {[%clk 00:33:20]} {[%emt 00:03:13]} Nxe8 {[%clk
00:30:39]} {[%emt 00:00:17]} 23. f3 {[%clk 00:33:11]} {[%emt 00:00:20]} g6
{[%clk 00:29:34]} {[%emt 00:01:15]} 24. b4 {[%clk 00:29:25]} {[%emt 00:03:56]}
Kg7 {[%clk 00:27:15]} {[%emt 00:02:29]} 25. a4 {[%clk 00:28:18]} {[%emt
00:01:16]} a6 {[%clk 00:25:38]} {[%emt 00:01:48]} 26. Kf2 {[%clk 00:25:56]}
{[%emt 00:02:32]} Nd6 {[%clk 00:23:53]} {[%emt 00:01:55]} 27. Ke2 {[%clk
00:21:20]} {[%emt 00:04:47]} Kf6 {[%clk 00:21:19]} {[%emt 00:02:43]} 28. Nb3
{[%clk 00:20:13]} {[%emt 00:01:17]} Ke5 {[%clk 00:16:30]} {[%emt 00:04:58]} 29.
Nc5 {[%clk 00:16:48]} {[%emt 00:03:35]} d4 {[%clk 00:13:41]} {[%emt 00:02:59]}
30. Nd7+ {[%clk 00:13:58]} {[%emt 00:03:01]} Kd5 {[%clk 00:12:23]} {[%emt
00:01:28]} 31. Nb6+ {[%clk 00:13:40]} {[%emt 00:00:28]} Ke5 {[%clk 00:11:06]}
{[%emt 00:01:27]} 32. Nd7+ {[%clk 00:12:47]} {[%emt 00:01:02]} Ke6 {[%clk
00:10:19]} {[%emt 00:00:57]} 33. Nc5+ {[%clk 00:07:08]} {[%emt 00:05:49]} Kd5
{[%clk 00:09:52]} {[%emt 00:00:38]} 34. Kd3 {[%clk 00:06:51]} {[%emt 00:00:27]}
dxc3 {[%clk 00:07:35]} {[%emt 00:02:27]} 35. Kxc3 {[%clk 00:06:50]} {[%emt
00:00:11]} h5 {[%clk 00:07:13]} {[%emt 00:00:32]} 36. Nd3 {[%clk 00:05:57]}
{[%emt 00:01:02]} g5 {[%clk 00:05:24]} {[%emt 00:02:00]} 37. h4 {[%clk
00:04:32]} {[%emt 00:01:35]} f6 {[%clk 00:05:04]} {[%emt 00:00:29]} 38. hxg5
{[%clk 00:04:32]} {[%emt 00:00:06]} fxg5 {[%clk 00:04:55]} {[%emt 00:00:19]} 39.
Nc5 {[%clk 00:04:32]} {[%emt 00:00:08]} g4 {[%clk 00:04:54]} {[%emt 00:00:11]}
40. fxg4 {[%clk 00:04:17]} {[%emt 00:00:26]} hxg4 {[%clk 00:04:40]} {[%emt
00:00:24]} 41. Kd3 {[%clk 00:03:51]} {[%emt 00:00:36]} g3 {[%clk 00:04:24]}
{[%emt 00:00:26]} 42. Nb3 {[%clk 00:02:45]} {[%emt 00:01:15]} b5 {[%clk
00:03:50]} {[%emt 00:00:45]} 43. a5 {[%clk 00:02:32]} {[%emt 00:00:23]} Nb7
{[%clk 00:02:20]} {[%emt 00:01:40]} 44. Nd4 {[%clk 00:02:14]} {[%emt 00:00:27]}
c5 {[%clk 00:02:20]} {[%emt 00:00:08]} 45. bxc5 {[%clk 00:01:50]} {[%emt
00:00:33]} Nxc5+ {[%clk 00:01:54]} {[%emt 00:00:36]} 46. Kc3 {[%clk 00:01:03]}
{[%emt 00:00:57]} b4+ {[%clk 00:01:32]} {[%emt 00:00:33]} 47. Kxb4 {[%clk
00:00:43]} {[%emt 00:00:29]} Kxd4 {[%clk 00:01:32]} {[%emt 00:00:03]} 48. Ka3
{[%clk 00:00:43]} {[%emt 00:00:08]} Nb7 {[%clk 00:01:32]} {[%emt 00:00:02]} 49.
Ka4 {[%clk 00:00:31]} {[%emt 00:00:22]} Ke4 {[%emt 00:01:45]} 0-1